| 000 | 01333 a2200181 4500 | ||
|---|---|---|---|
| 003 | Nust | ||
| 005 | 20221219104724.0 | ||
| 040 | _cNust | ||
| 082 | _a150, BAS | ||
| 100 |
_a Bashir , Muhammad _926319 |
||
| 245 |
_aPotential Identity _cLt Col muhammad Bashir |
||
| 250 | _aExtended ed | ||
| 260 |
_aRWP _bThe Army Press _c2002 |
||
| 300 | _a220,p; | ||
| 505 | _aThe Ecstasy Of Martyrdom (Page-1), Combat Leadership (Page-9), In Search Of Human Excellence (Page-15), Living With Strength (Page-23), Human Character (Page-29), Quranic Perspective Of Learning (Page-39), The Scholastic Leadership (Page-45), Self Actualization (Page-53), Idealism (Page-59), Creativity (Page-65), Confidence (Page-73), Human Destiny (Page-79), A Military Paradigm (Page-89), Human Development (Page-97), Potential And Identity (Page-109), Men Creation (Page-117), Heavenly Teaching (Page-127), Psychological Concept (Page-135), Propotion And Judgement(Page-141), Patience (Page-149), Honour (Page-153), Instructional Implication (Page-161), Grooming (Page-169), Exuberant Living (Page-177), Dancing Silhouettes (Page-185), Elusive Signification (Page-189), Abstractive Synonimities (Page-193), Human Collectivity (Page-199), Psychic Ebullience (Page-205), Crucial Viabilities (Page-211). | ||
| 650 |
_aPotential Identity _9105172 |
||
| 942 |
_2ddc _cBK |
||
| 999 |
_c176995 _d176995 |
||